000 00898nam a2200253 a 4500
001 47345
003 BD-RjUL
005 20211209054310.0
008 160808s1987 bg ||||| |||| 00| 0 ben d
020 _c :TK.100
035 _a(BD-RjUL)47464
040 _aBD-RjUL
_bben
_cBD-RjUL
041 _aben
082 _223
_a347.7
_bALB 1987
100 _aআলী, এম. এইচ.
_9136762
245 1 0 _aবাণিজ্যক ও শিল্প আইন = Commercial and industrial law /
_cএম.এই. আলী
250 _a১০ম. সং.
260 _aঢাকা :
_bপুথিঘর লিঃ,
_c১৯৮৭
300 _a[১৬], ৭৫২ [১৯৫],[৭] পৃ.;
_c২১ সেমি.
500 _aপরিশিষ্ট্য সংযুক্ত
650 _aবাণিজ়্য আইন
_9143523
650 _aCommercial law
_9144072
942 _2ddc
_cBK
999 _c47345
_d47345